History Quiz

Random History or Politics Quiz
Score 0/28 Timer 05:00
11 Plays Today
Continent Country % Correct
AfricaSouth Sudan (2011)
83.3%
South AmericaSuriname (1975)
73.7%
South AmericaGuyana (1966)
72.6%
South AmericaUruguay (1945)
70.3%
South AmericaVenezuela (1945)
68.6%
South AmericaEcuador (1945)
67.7%
EuropeMontenegro (2006)
67%
EuropeSerbia (2000)
66.8%
OceaniaTuvalu (2000)
59.9%
OceaniaNauru (1999)
59.8%
OceaniaPalau (1999)
59.7%
North AmericaSt. Kitts and Nevis (1983)
58.5%
OceaniaKiribati (1999)
56.2%
North AmericaSt. Vincent and the Grenadines (1980)
54.5%
Continent Country % Correct
North AmericaSt. Lucia (1979)
53.9%
OceaniaTonga (1999)
53.1%
AsiaTimor-Leste (2002)
53.1%
North AmericaBelize (1981)
52.9%
AsiaArmenia, Azerbaijan, Kazakhstan, Kyrgyzstan, Tajikistan, Turkmenistan, Uzbekistan (1992)
51.6%
North AmericaAntigua and Barbuda (1981)
49.3%
AfricaEritrea (1993)
45.3%
EuropeAndorra (1993)
43.8%
EuropeMonaco (1993)
40.2%
EuropeSwitzerland (2002)
36.9%
AfricaDjibouti (1977)
36.5%
AsiaGeorgia (1992)
34.7%
AfricaZimbabwe (1980)
32.3%
AfricaNamibia (1990)
27.9%

You're not logged in!

Compare scores with friends on all Sporcle quizzes.
OR
Log In

Sporcle TV

Today on Sporcle TV


Watch our educational content, quiz creation guides, and fun videos on Sporcle TV.

Show Comments

Extras

Top Quizzes Today


Score Distribution

Your Account Isn't Verified!

In order to create a playlist on Sporcle, you need to verify the email address you used during registration. Go to your Sporcle Settings to finish the process.

Report this User

Report this user for behavior that violates our Community Guidelines.

Details: